|
|
|
|
| LEADER |
00000nam0a2200000 4500 |
| 001 |
15209 |
| 005 |
20231101205011.0 |
| 035 |
|
|
|a (RuTPU)RU\TPU\book\15315
|
| 035 |
|
|
|a BOOK00000003
|
| 090 |
|
|
|a 15209
|
| 100 |
|
|
|a 20011209d1985 km y0rusy50 ca
|
| 101 |
0 |
|
|a rus
|
| 102 |
|
|
|a RU
|
| 105 |
|
|
|a y z 000zy
|
| 200 |
1 |
|
|a Как провести социологическое исследование
|e В помощь идеологическому активу
|f Под ред. М. К. Горшкова и Ф. Э. Шереги
|
| 210 |
|
|
|a Москва
|c Политиздат
|d 1985
|
| 215 |
|
|
|a 223 с.
|
| 451 |
|
1 |
|0 (RuTPU)RU\TPU\book\65242
|t Как провести социологическое исследование
|o В помощь идеологическому активу
|f Под ред. М. К. Горшкова и Ф. Э. Шереги
|e 2-е изд., доп.
|c М.
|n Политиздат
|d 1990
|p 288 с.
|
| 606 |
1 |
|
|a Конкретно-социологические исследования
|x Методика
|2 stltpush
|3 (RuTPU)RU\TPU\subj\66346
|9 82524
|
| 610 |
1 |
|
|a социология
|
| 610 |
1 |
|
|a социологические исследования
|
| 610 |
1 |
|
|a социологическая информация
|
| 610 |
1 |
|
|a методика
|
| 610 |
1 |
|
|a исследование
|
| 686 |
|
|
|a С5в
|v LBC/SL-A
|2 rubbk
|
| 702 |
|
1 |
|a Горшков
|b М. К.
|g Михаил Константинович
|4 340
|
| 702 |
|
1 |
|a Шерега
|b Ф. Э.
|4 340
|
| 801 |
|
0 |
|a RU
|b 63413507
|c 20011209
|g PSBO
|
| 801 |
|
2 |
|a RU
|b 63413507
|c 20201117
|g PSBO
|
| 900 |
|
|
|a Социология общественного мнения
|
| 942 |
|
|
|c BK
|